000 01725nam a2200241Ia 4500
999 _c56128
_d56128
001 23229
003 GE_BSU
005 20251001213447.0
008 181216s||||||||xx |||||||||||||| ||und||
040 _cGE_BSU
080 _a94(479.22)(075.3)
100 _aბერძენიშვილი, ნიკოლოზ., ჯავახიშვული ივ., ჯანაშია, ს.
_925920
245 _aსაქართველოს ისტორია. ნაწ. 1 : უძველესი დროიდან XIX საუკუნის დამდეგამდე :
_bსახელმძღვ. საშ. სკ. უფრ. კლ. /
_cნიკოლოზ ბერძენიშვილი, ივ. ჯავახიშვილი, ს. ჯანაშია ; ს. ჯანაშიას რედ. ; საქ. სსრ მეცნ. აკად. ისტორიის ინ-ტი აკად. ივ. ჯავახიშვილის სახელობისა
250 _aმე-3 შესწ. შევს. გამოცემა
264 _aთბილისი :
_bსახელგამი,
_c1948.
300 _a439 გვ. :
_bილ. ;
_c23 სმ.
_e11 ჩართ. ფურც. ილ. სქემ. და რუკ.
541 _h3 ლ. 40თ.
653 _aსაქართველოს ისტორია
653 _aსაქართველოს ისტორია. ნაწ. 1
653 _aუძველესი დროიდან XIX საუკუნის დამდეგამდე
700 _aჯანაშია, ს.,
_eავტორი, რედაქტორი
_95435
942 _cBK
_2udc